=LDR 00000nam 2200000 4500 =001 INLIS000000000048945 =990 ##$$a 21601272 =005 20200304124000 =990 ##$$a 21601270 =035 ##$$a 0010-011700000000226 =990 ##$$a 21601271 =008 200304################g##########0#ind## =990 ##$$a 21601273 =082 ##$$a 297.355 1 =990 ##$$a 21601274 =090 ##$$a 297.355 1 Muh h =100 #$$a Muhammad Zakariyya Al Kandahlawi =245 1#$$a Himpunan kitab fadhilah amal /$c Syaikhul Hadist Maulana Muhammad Zakariyya Al Kandahlawi Rahmatul Alaih =260 ##$$a Yogyakarta :$b Ash-Shaff,$c [20..?] =300 ##$$a xviii, 793 hlm. ; $c 16 x 24 cm. =500 ##$$a Bibliografi : hlm. 791 - 792 =650 #4$$a Amal Shalih =850 ##$$a NBPDMAT =084 ##$$a 297.355 1 MUH h =990 ##$$a 21601270 =990 ##$$a 21601271 =990 ##$$a 21601272 =990 ##$$a 21601273 =990 ##$$a 21601274